[Event "HUN--chT U12"]
[Site "Budapest"]
[Date "2019.10.27"]
[Round "3.5"]
[White "Lazsadi, Blanka Anna"]
[Black "Puskas, Gergely"]
[Result "1-0"]
[WhiteElo "1142"]
[BlackElo "1015"]
[PlyCount "40"]
[EventDate "2019.10.26"]
[EventType "team-swiss"]
[EventRounds "7"]
[EventCountry "HUN"]
[SourceTitle "CBM 192 Extra"]
[Source "Chessbase"]
[SourceDate "2019.11.06"]
[SourceVersion "1"]
[SourceVersionDate "2019.11.06"]
[SourceQuality "1"]
[WhiteTeam "DVTK"]
[BlackTeam "Szeged Maroczy"]
[WhiteTeamCountry "HUN"]
[BlackTeamCountry "HUN"]

1. e4 e5 2. Nf3 Nc6 3. Nc3 d6 4. h3 h5 5. Bc4 Nd4 6. d3 Nxf3+ 7. Qxf3 f6 8. Be3 Ne7 9. 0-0-0 Nc6 10. Qg3 Nd4 11. Qg6+ Kd7 12. Qf7+ Kc6 13. Bd5+ Kc5 14. Na4+ Kb5 15. Nc3+ Kc5 16. Bc4 Be6 17. Bxe6 Kc6 18. Bd5+ Kb6 19. Bc4 d5 20. Nxd5+ Kc5 1-0